000
00281nam a2200109Ia 4500
008
190914s9999||||xx |||||||||||||| ||und||
100
_a
Paul Karasik
245
0
_a
How to Make It Big in the Seminar Business
260
_a
New York
_b
McGraw Hill
_c
1998
300
_a
246
942
_c
BK
999
_c
9148
_d
9148